Представление документа в формате MARC21

Поле Инд. ПП Название Значение
Тип записи a
Библиографический уровень m
001 Контрольный номер RU/IS/BASE/379608736
005 Дата корректировки 20220728142049.3
040 b Код языка каталог. rus
041 0_ a Код языка текста rus
080 a Индекс УДК 004.42
084 a Индекс другой классификации/Индекс ББК 32.973
090 a Полочн. индекс 681.3
c Каталожный индекс 681.3
x Авторский знак П71
097 b Оператор 11
245 10 a Заглавие Предпроектный анализ системы управления при создании АСУ
c Ответственность А. А. Модин [и др.]
260 a Место издания М.
b Издательство Статистика
c Дата издания 1976
300 a Объем 71 с.
440 a Серия Информационное и программное обеспечение
510 a Примечание о ссылках Книги и методические пособия
650 a Основная рубрика 50.47 Автоматизированные системы управления технологическими процессами
x Основная подрубрика 50.47.29 Автоматизированные системы управления непрерывными технологическими процессами
653 a Ключевые слова автоматическое управление; системы автоматического управления; автоматические системы управления
901 t Тип документа m